000 00272nam a2200109Ia 4500
008 190216s9999||||xx |||||||||||||| ||und||
100 _aWilliam T Greenwood
245 0 _aDecision Theory And Information Systems
260 _bKalyani Pub
_c1969
300 _a818p
942 _cBK
999 _c4471
_d4471